100 joueurs allemands avec la plus grosse valeur marchande - Statistiques

Statistiques générales
  • Ce quiz a été pris 123 fois
  • Le résultat moyen est 26 sur 100
Statistiques - réponses
Club Prix Réponse % Correct
Bayern Munich 75 millions Joshua Kimmich
94%
Bayern Munich 110 millions Jamal Musiala
92%
Bayern Munich 65 millions Leroy Sané
91%
Bayern Munich 7 millions Manuel Neuer
89%
Bayern Munich 55 millions Serge Gnabry
89%
Bayern Munich 45 millions Leon Goretzka
85%
Bayer Leverkusen 85 millions Florian Wirtz
84%
Arsenal 55 millions Kai Havertz
83%
FC Barcelone 35 millions Marc-André Ter Stegen
79%
Bayern Munich 12 millions Thomas Muller
77%
Borussia Dortmund 35 millions Niklas Sule
75%
Borussia Dortmund 6 millions Mats Hummels
74%
Borussia Dortmund 7 millions Marco Reus
73%
Real Madrid 32 millions Antonio Rudiger
72%
Real Madrid 15 millions Toni Kroos
72%
FC Barcelone 20 millions Ilkay Gundogan
71%
Borussia Dortmund 13 millions Niclas Fullkrug
60%
Borussia Dortmund 40 millions Julian Brandt
57%
Borussia Dortmund 30 millions Youssoufa Moukoko
56%
Borussia Dortmund 40 millions Karim Adeyemi
55%
RB Leipzig 25 millions Timo Werner
50%
Borussia Dortmund 40 millions Nico Schlotterbeck
49%
Borussia Dortmund 14 millions Emre Can
48%
Eintracht Francfort 8,5 millions Kevin Trapp
45%
Bayer Leverkusen 20 millions Jonathan Tah
40%
RB Leipzig 14 millions David Raum
38%
Eintracht Francfort 12 millions Mario Gotze
38%
Union Berlin 15 millions Robin Gosens
37%
Milan AC 20 millions Malick Thiaw
36%
West Ham 18 millions Thilo Kehrer
32%
Fulham 12 millions Bernd Leno
31%
Al-Ahli SC 6 millions Julian Draxler
30%
Borussia Dortmund 15 millions Felix Nmecha
29%
Wolfsburg 12 millions Lukas Nmecha
29%
RB Leipzig 12 millions Lukas Klostermann
28%
Stuttgart 8 millions Alexander Nubel
27%
Union Berlin 8 millions Kevin Volland
27%
Bayer Leverkusen 13 millions Jonas Hofmann
26%
Fribourg 18 millions Matthias Ginter
26%
Bayer Leverkusen 11 millions Robert Andrich
25%
Brighton 8 millions Pascal Gross
23%
PSV Eindhoven 20 millions Armel Bella-Kotchap
22%
Brighton 12 millions Mahmoud Dahoud
22%
Manchester City 9 millions Stefan Ortega
22%
RB Leipzig 15 millions Benjamin Henrichs
21%
Borussia Dortmund 10 millions Marius Wolf
21%
Wolfsburg 14 millions Maximilian Arnold
20%
Fribourg 7,5 millions Christian Gunter
15%
Union Berlin 10 millions Rani Khedira
15%
Stuttgart 10 millions Deniz Undav
14%
Borussia Monchengladbach 12 millions Florian Neuhaus
14%
Borussia Monchengladbach 10 millions Julian Weigl
14%
Brentford 25 millions Kevin Schade
13%
Galatasaray 6 millions Kerem Demirbay
12%
Eintracht Francfort 18 millions Robin Koch
12%
Nashville SC 12 millions Hany Mukhtar
11%
Bayer Leverkusen 6 millions Nadiem Amiri
11%
Brentford 20 millions Vitaly Janelt
11%
Wolfsburg 13 millions Ridle Baku
9%
Inter Milan 5 millions Yann Aurel Bisseck
9%
Eintracht Francfort 8 millions Ansgar Knauff
8%
Burnley 16 millions Jordan Beyer
8%
Philadelphie Union 5 millions Kai Wagner
8%
Mayence 10 millions Jonathan Burkardt
7%
Stuttgart 4,5 millions Waldermar Anton
7%
Hoffenheim 15 millions Anton Stach
6%
Borussia Monchengladbach 6,5 millions Luca Netz
6%
Wolfsburg 6 millions Yannick Gerhardt
5%
Stuttgart 5 millions Angelo Stiller
4%
Augsbourg 6,5 millions Arne Maier
4%
Stuttgart 8 millions Josha Vagnoman
4%
Fribourg 5 millions Lucas Holer
4%
Werder Breme 7,5 millions Marvin Ducksch
4%
Hoffenheim 12 millions Mergim Berisha
4%
Werder Breme 6 millions Mitchell Weiser
4%
Union Berlin 7 millions Janik Haberer
3%
Fribourg 10 millions Maximilian Eggestein
3%
Werder Breme 5,5 millions Niklas Stark
3%
Werder Breme 6 millions Amos Pieper
2%
Hoffenheim 8 millions Dennis Geiger
2%
Cologne 9 millions Eric Martel
2%
Hoffenheim 7 millions Grischa Promel
2%
Wolfsburg 7,5 millions Moritz Jenz
2%
Mayence 5 millions Nelson Weiper
2%
Augsbourg 7 millions Niklas Dorsch
2%
Union Berlin 5 millions Robin Knoche
2%
Hellas Verone 4,5 millions Suat Serdar
2%
Cologne 8,5 millions Timo Hubers
2%
Mayence 7 millions Tom Krauss
2%
Augsbourg 8,5 millions Felix Uduokhai
1%
Eintracht Francfort 5 millions Jessic Ngankam
1%
Mayence 5 millions Marco Richter
1%
Cologne 7 millions Marvin Schwabe
1%
Mayence 5 millions Robin Zentner
1%
Utrecht 4,5 millions Can Bozdogan
0%
Cologne 5 millions Denis Huseinbasic
0%
Cologne 6,5 millions Jan Thielmann
0%
Cologne 5,5 millions Julian Chabot
0%
Cologne 6 millions Linton Maina
0%
Union Berlin 5 millions Paul Jaeckel
0%
Aucun quiz correspondant
Distribution des résultats
% des personnes avec chaque résultat
Percentile par nombre de réponses
Votre historique - résultats
Vous n’avez pas pris ce quiz